000 00599nam a2200169 4500
001 116609
003 ES-MaACL
005 20230906190733.0
007 t|
008 061121s1978 sp r ||||1| spa d
100 1 _aOtero Novas, José Manuel.
_987915
245 1 3 _aEl crédito a la exportación
_b: conferencia 23 de marzo de 1977 /
_cJosé Manuel Otero Novas.
260 _aMadrid :
_bDirección General de lo Contencioso del Estado,
_c1978.
300 _a30 p. ;
_c24 cm.
710 0 0 _aEspaña.
_bDirección General de lo Contencioso del Estado.
_93750
852 _aES-MaACL
_j2112-F-8
_bR.99005
999 _c116609
_d116609